000
00288nam a2200121Ia 4500
008
190216s9999||||xx |||||||||||||| ||und||
100
_a
Devidas P V
245
0
_a
Lohangal Erumbum Sahakarikalum
260
_b
Congress Press Pkd
_c
1977
300
_a
199p
650
_a
Physics
942
_c
BK
999
_c
32850
_d
32850